Statystyki dla Podobne Flagi #1

Kliknij tutaj aby rozwiązać quiz!

Ogólne statystyki

  • Ten quiz został rozwiązany 683 razy
  • Średni wynik to 18 z 22

Statystyki odpowiedzi

Odpowiedź% Poprawnych
Stany Zjednoczone
100%
Turcja
96%
Argentyna
94%
Australia
94%
Rosja
94%
Holandia
92%
Rumunia
92%
Urugwaj
92%
Katar
91%
Nowa Zelandia
91%
Luksemburg
89%
Kolumbia
88%
Tunezja
87%
Ekwador
84%
Andora
82%
Tajlandia
77%
Kostaryka
75%
Czad
74%
Bahrajn
71%
Liberia
64%
Tanzania
59%
St. Kitts i Nevis
31%

Rozkład punktacji

Percentyl według liczby udzielonych odpowiedzi

Procent ludzi z każdym wynikiem

Twoja historia wyników

Nie rozwiązałeś tego quizu